000 01188naa a22003257a 4500
001 BR8106207
003 BR-BrBNA
005 20240918174913.0
007 ta
008 230509b bl.||||| |||| 00| 0 por d
040 _aBR-BrBNA
_bpor
_cBiblioteca Nacional de Agricultura
041 _a(Pt)
072 _aC00; M40; P00
_b/G514
090 _aC00 BR8106207
100 1 _aMarins, M. de A.
111 1 _a2. Seminario Regional de Ecologia
_cSao Carlos, SP (Brazil)
_d27 Nov 1980
245 1 _aA pos-graduacao em ecologia e recursos naturais no Departamento de Ciencias Biologicas da Universidade Federal de Sao Carlos [Sao Paulo, Brasil]
260 3 _aSao Carlos, SP (Brasil):
_c1981.
500 _a2. Seminario Regional de Ecologia Sao Carlos, SP (Brasil): 1981. p. 7-30 (BR8106207-AM)C00
650 _aENSINO SUPERIOR
650 _aECOLOGIA AQUATICA
650 _aRECURSO NATURAL
650 _aPROGRAMA EDUCACIONAL
650 _aUNIVERSIDADE FEDERAL
650 _aSAO CARLOS
650 _aSAO PAULO
773 0 _t2. Seminario Regional de Ecologia
_wC00 BR8106207
_gSao Carlos, SP (Brasil), 1981. p. 7-30
909 _a202404
_bLucia
_c55
_dLucia Elande
942 _cAM
_2AGRIS
999 _c314309
_d314309